| 000 | 00575nam a22002057a 4500 | ||
|---|---|---|---|
| 999 |
_c7812 _d7812 |
||
| 003 | OSt | ||
| 005 | 20220315135731.0 | ||
| 008 | 220315b ||||| |||| 00| 0 eng d | ||
| 020 | _a0387945490, 7506271885 | ||
| 040 | _cDDC | ||
| 082 | _a519.2 SHI 1995 | ||
| 100 |
_aShiri͡aev, Alʹbert Nikolaevich. _915902 |
||
| 245 | _aProbability. | ||
| 250 | _a2nd ed. | ||
| 260 |
_aNew York : _b Springer, _c c1995. |
||
| 300 |
_axvi, 621 p. : _b ill. ; _c24 cm. |
||
| 504 | _aIncludes bibliographical references and indexes. | ||
| 650 |
_aProbabilities. _92821 |
||
| 942 |
_2ddc _cBOOK |
||